Nature methods (Record no. 38503)

MARC details
000 -LEADER
fixed length control field 00524nam a2200169Ia 4500
022 ## - INTERNATIONAL STANDARD SERIAL NUMBER
ISSN 15487091
050 ## - CALL MARK
Classification number QH 319.A1 .N388/
245 #0 - TITLE STATEMENT
Title Nature methods
260 ## - PUBLICATION, DISTRIBUTION, ETC. (IMPRINT)
Place of publication New York
260 ## - PUBLICATION, DISTRIBUTION, ETC. (IMPRINT)
Name of publisher Nature Pub. Group
260 ## - PUBLICATION, DISTRIBUTION, ETC. (IMPRINT)
Year of publication 2007
300 ## - PHYSICAL DESCRIPTION
Number of Pages ii. , 658 p. : ill. ; 28 cm.
650 ## - SUBJECT ADDED ENTRY--TOPICAL TERM
Topical Term Biology--Research--Periodicals Biology--Methodology--Periodicals Biomedical Research--methods--Periodicals Research Design--Periodicals.
942 ## - ADDED ENTRY ELEMENTS (KOHA)
Koha item type Serials

No items available.